Statistics for Longest Rivers in Countries 2

Click here to take the quiz!

General Stats

  • This quiz has been taken 407 times
    (406 since last reset)
  • The average score is 3 of 10

Answer Stats

HintAnswer% Correct
VietnamMekong
84%
PakistanIndus
79%
South AfricaOrange
62%
IrelandShannon
59%
GhanaVolta
23%
New ZealandWaikato
11%
JapanShinano
9%
MoroccoDraa
6%
GuyanaEssequibo
6%
MongoliaOrkhon
4%

Score Distribution

Percentile by Number Answered

Percent of People with Each Score

Your Score History

You have not taken this quiz since the last reset